[Event "2nd Irena Warakomska Memorial-A"]
[Site "Suwalki"]
[Date "2018.08.02"]
[Round "2"]
[White "Ulybin, Mikhail"]
[Black "Szustakowski, Antoni"]
[Result "1-0"]
[WhiteElo "2512"]
[BlackElo "2300"]
[Annotator "TA"]
[PlyCount "73"]
[EventDate "2018.08.01"]
[EventType "swiss"]
[EventCountry "POL"]
[SourceTitle "playchess.com"]
[Source "ChessBase"]
[SourceQuality "1"]

{[%evp 16,73,16,16,60,64,66,60,67,56,63,47,54,52,76,72,83,83,88,89,88,86,85,85,102,96,97,97,218,173,173,173,175,175,175,183,237,231,291,235,231,222,245,247,418,397,696,698,765,545,29991,29992,29992,29993,29993,1206,29987,29988,29996,29997]} 1. d4 Nf6 2. c4 e6 3. g3 d5 4. Nf3 dxc4 5. Bg2 a6 6. O-O Nc6 7. Bg5 {E04: Katalanisch} (7. e3 Rb8 8. Qe2 b5 9. b3 cxb3 10. axb3 Bd6 11. Rd1 Qe7 12. Bb2 O-O 13. Rc1 Bb7 14. Ne5 Nb4 15. Bxb7 Rxb7 {1-0 (52) So,W (2778)-Mamedyarov,S (2808) Leuven 2018}) 7... Be7 8. e3 O-O 9. Nfd2 {LiveBook: 3 Partien. Die Stellung ist ausgeglichen.} Bd7 10. Nxc4 h6 11. Bxf6 $1 Bxf6 12. Nc3 Rb8 13. Ne4 Be7 14. Rc1 f5 {[#]} 15. Ned2 $146 b5 16. Bxc6 Bxc6 17. Ne5 $36 {[%mdl 2048] Schwarz steht unter starkem Druck.} Bd5 18. Nc6 Bxc6 19. Rxc6 Qd5 20. Qc2 Bd6 21. Rxa6 f4 (21... c5 $16) 22. exf4 Qxd4 23. Ne4 Ra8 24. Rxa8 Rxa8 25. a3 b4 (25... Qc4 {ist eine bessere Verteidigung.} 26. Qb1 e5) 26. Rd1 $18 Qb6 27. Nxd6 cxd6 {[%mdl 4096] Endspiel KDT-KDT} 28. Qe4 d5 {[#]} 29. Rxd5 $1 {[%mdl 512]} Ra7 $2 (29... bxa3 30. Rd7 Ra7 31. Rxa7 Qxa7 32. Qxe6+ Kh7 33. bxa3 Qxa3) (29... exd5 30. Qxd5+) 30. Re5 bxa3 $2 (30... Qb7 31. Qc4 Qa6 32. Qxb4 Rc7) 31. Rxe6 Qb3 32. bxa3 Rxa3 33. Re8+ Kf7 34. Re7+ Kf8 35. Rb7 (35. Rd7 $142 Qd1+ 36. Rxd1 Ra8 37. Rd7 Ra1+ 38. Kg2 Rg1+ 39. Kxg1 Kg8 40. Qe5 Kh8 41. Qxg7#) 35... Qd1+ 36. Kg2 Qd6 37. Qf5+ {Precision: Weiß = 86%, Schwarz = 27%.} 1-0

[Event "2nd Irena Warakomska Memorial-A"]
[Site "Suwalki"]
[Date "2018.08.02"]
[Round "2"]
[White "Warakomski, Tomasz"]
[Black "Zaika, Daniil"]
[Result "1/2-1/2"]
[WhiteElo "2512"]
[BlackElo "2213"]
[Annotator "ChessBase"]
[PlyCount "86"]
[EventDate "2018.08.01"]
[EventType "swiss"]
[EventCountry "POL"]
[SourceTitle "playchess.com"]
[Source "ChessBase"]
[SourceQuality "1"]
[TimeControl "40/5400+30:1800+30"]

1. e4 {[%emt 0:00:00]} c5 {[%emt 0:00:00]} 2. f4 {[%emt 0:00:00]} d5 {[%emt 0:02:12]} 3. exd5 {[%emt 0:00:00]} Nf6 {[%emt 0:00:16]} 4. Nc3 {[%emt 0:00:00]} Nxd5 {[%emt 0:03:09]} 5. Nf3 {[%emt 0:00:00]} Nxc3 {[%emt 0:25:29]} 6. bxc3 {[%emt 0:00:50]} g6 {[%emt 0:00:15]} 7. Bc4 {[%emt 0:12:54]} Bg7 {[%emt 0:00:24]} 8. Ne5 {[%emt 0:00:31]} O-O {[%emt 0:03:30]} 9. O-O {[%emt 0:00:08]} Nd7 {[%emt 0:02:36]} 10. Qe2 {[%emt 0:06:04]} Nb6 {[%emt 0:04:07]} 11. Bb3 {[%emt 0:00:49]} Qc7 {[%emt 0:07:59]} 12. a4 {[%emt 0:15:07]} Bxe5 {[%emt 0:07:37]} 13. Qxe5 {[%emt 0:00:09]} Qxe5 {[%emt 0:00:05]} 14. fxe5 {[%emt 0:00:04]} c4 {[%emt 0:00:03]} 15. Ba2 {[%emt 0:01:07]} Be6 {[%emt 0:01:42]} 16. Rb1 {[%emt 0:00:30]} Rab8 {[%emt 0:03:05]} 17. Ba3 {[%emt 0:07:29]} Rfe8 {[%emt 0:05:27]} 18. Bc5 {[%emt 0:01:21]} Nd7 {[%emt 0:00:14]} 19. Bd4 {[%emt 0:08:03]} Rec8 {[%emt 0:00:51]} 20. Rb4 {[%emt 0:04:13]} b6 {[%emt 0:02:30]} 21. Rfb1 {[%emt 0:00:44]} Rc6 {[%emt 0:01:56]} 22. a5 {[%emt 0:04:15]} Rcc8 {[%emt 0:09:07]} 23. axb6 {[%emt 0:12:00]} axb6 {[%emt 0:00:04]} 24. R1b2 {[%emt 0:00:10]} Rc6 {[%emt 0:01:47]} 25. Ra4 {[%emt 0:02:49]} Rbc8 {[%emt 0:06:38]} 26. Kf2 {[%emt 0:08:32]} g5 {[%emt 0:00:32]} 27. Rb5 {[%emt 0:02:22]} Kg7 {[%emt 0:00:33]} 28. Ke3 {[%emt 0:04:07]} Kg6 {[%emt 0:00:29]} 29. d3 {[%emt 0:00:29]} R8c7 {[%emt 0:08:33]} 30. Bxc4 {[%emt 0:07:22]} Bxc4 {[%emt 0:00:10]} 31. Rxc4 {[%emt 0:00:48]} Rxc4 {[%emt 0:00:04]} 32. dxc4 {[%emt 0:00:01]} Rxc4 {[%emt 0:02:15]} 33. Rd5 {[%emt 0:01:03]} Rc7 {[%emt 0:01:44]} 34. g4 {[%emt 0:02:00]} h5 {[%emt 0:00:25]} 35. h3 {[%emt 0:00:11]} hxg4 {[%emt 0:00:19]} 36. hxg4 {[%emt 0:00:04]} f6 {[%emt 0:01:08]} 37. exf6 {[%emt 0:00:58]} Nxf6 {[%emt 0:00:10]} 38. Bxf6 {[%emt 0:00:28]} exf6 {[%emt 0:00:10]} 39. Kd3 {[%emt 0:00:28]} Rc5 {[%emt 0:00:32]} 40. c4 {[%emt 0:00:00]} Rc6 {[%emt 0:00:00]} 41. Kd4 {[%emt 0:04:25]} Re6 {[%emt 0:04:19]} 42. c5 {[%emt 0:01:05]} bxc5+ {[%emt 0:01:21]} 43. Kxc5 {[%emt 0:01:04]} Re4 {[%emt 0:00:16]} 1/2-1/2

[Event "2nd Irena Warakomska Memorial-A"]
[Site "Suwalki"]
[Date "2018.08.02"]
[Round "2"]
[White "Venkataraman, Karthik"]
[Black "Pietruszewski, Marcin"]
[Result "1-0"]
[WhiteElo "2501"]
[BlackElo "2208"]
[Annotator "ChessBase"]
[PlyCount "117"]
[EventDate "2018.08.01"]
[EventType "swiss"]
[EventCountry "POL"]
[SourceTitle "playchess.com"]
[Source "ChessBase"]
[SourceQuality "1"]
[TimeControl "40/5400+30:1800+30"]

1. Nf3 {[%emt 0:00:00]} Nf6 {[%emt 0:01:48]} 2. g3 {[%emt 0:00:00]} d5 {[%emt 0:08:14]} 3. Bg2 {[%emt 0:00:21]} c6 {[%emt 0:04:20]} 4. O-O Bg4 5. d3 {[%emt 0:00:43]} Nbd7 {[%emt 0:01:10]} 6. h3 {[%emt 0:00:06]} Bxf3 {[%emt 0:00:14]} 7. Bxf3 {[%emt 0:00:29]} e5 {[%emt 0:00:45]} 8. e4 {[%emt 0:00:08]} dxe4 {[%emt 0:00:26]} 9. dxe4 {[%emt 0:00:06]} Bc5 {[%emt 0:00:52]} 10. Qe2 {[%emt 0:00:20]} O-O {[%emt 0:00:20]} 11. Nd2 {[%emt 0:00:57]} Qe7 {[%emt 0:00:38]} 12. a4 {[%emt 0:01:30]} a5 {[%emt 0:00:36]} 13. Nc4 {[%emt 0:01:40]} Rfd8 {[%emt 0:00:58]} 14. Bd2 {[%emt 0:01:37]} Bb4 {[%emt 0:02:11]} 15. Be3 {[%emt 0:02:03]} Ne8 {[%emt 0:03:13]} 16. Rfd1 {[%emt 0:01:21]} Nd6 {[%emt 0:02:07]} 17. Nb6 {[%emt 0:01:26]} Nxb6 {[%emt 0:07:13]} 18. Bxb6 {[%emt 0:00:05]} Re8 {[%emt 0:05:07]} 19. Bg4 {[%emt 0:02:02]} h5 {[%emt 0:10:09]} 20. Bxh5 {[%emt 0:01:12]} Ra6 {[%emt 0:01:43]} 21. Be3 {[%emt 0:02:11]} Nxe4 {[%emt 0:00:13]} 22. Qc4 {[%emt 0:03:26]} Nf6 {[%emt 0:10:35]} 23. Bg5 {[%emt 0:00:18]} Raa8 {[%emt 0:21:03]} 24. c3 {[%emt 0:00:40]} Bd6 {[%emt 0:00:25]} 25. Rxd6 {[%emt 0:03:13]} Qxd6 {[%emt 0:00:06]} 26. Bxf7+ {[%emt 0:00:05]} Kf8 {[%emt 0:03:04]} 27. Bxe8 {[%emt 0:00:32]} Rxe8 {[%emt 0:00:23]} 28. Be3 {[%emt 0:00:08]} Qd5 {[%emt 0:01:55]} 29. Qe2 {[%emt 0:00:52]} Kf7 {[%emt 0:05:38]} 30. Rd1 {[%emt 0:00:48]} Qe4 {[%emt 0:00:13]} 31. b3 {[%emt 0:01:37]} Rh8 {[%emt 0:04:00]} 32. Qc4+ {[%emt 0:00:31]} Qxc4 {[%emt 0:02:51]} 33. bxc4 {[%emt 0:00:04]} Ke6 {[%emt 0:02:06]} 34. Rb1 {[%emt 0:02:06]} Ne4 {[%emt 0:00:06]} 35. Rxb7 {[%emt 0:19:02]} Nxc3 {[%emt 0:00:14]} 36. Rxg7 {[%emt 0:00:10]} Nxa4 {[%emt 0:02:13]} 37. h4 {[%emt 0:00:52]} Nb2 {[%emt 0:00:44]} 38. Rg6+ {[%emt 0:00:25]} Kf7 {[%emt 0:00:34]} 39. Rxc6 {[%emt 0:00:20]} Ra8 {[%emt 0:00:02]} 40. Bc1 {[%emt 0:00:00]} Nd3 {[%emt 0:00:00]} 41. Ba3 {[%emt 0:01:14]} Rb8 {[%emt 0:03:50]} 42. Ra6 {[%emt 0:00:27]} Rb3 {[%emt 0:00:57]} 43. Rxa5 {[%emt 0:01:01]} Ke6 {[%emt 0:00:22]} 44. Kg2 {[%emt 0:01:26]} Kf5 {[%emt 0:00:35]} 45. h5 {[%emt 0:04:55]} Kg4 {[%emt 0:00:58]} 46. h6 {[%emt 0:10:15]} e4 {[%emt 0:19:12]} 47. Kf1 {[%emt 0:01:33]} Rb1+ {[%emt 0:07:01]} 48. Ke2 {[%emt 0:00:05]} Re1+ {[%emt 0:00:06]} 49. Kd2 {[%emt 0:00:04]} Rh1 {[%emt 0:00:03]} 50. Ra6 {[%emt 0:04:55]} Nxf2 {[%emt 0:00:09]} 51. Ke3 {[%emt 0:02:36]} Kxg3 {[%emt 0:02:00]} 52. Rg6+ {[%emt 0:00:08]} Ng4+ {[%emt 0:00:44]} 53. Kxe4 {[%emt 0:00:05]} Re1+ {[%emt 0:00:19]} 54. Kd5 {[%emt 0:01:43]} Kf4 {[%emt 0:01:11]} 55. Bb2 {[%emt 0:07:02]} Rh1 {[%emt 0:00:58]} 56. Bg7 {[%emt 0:00:15]} Ne3+ {[%emt 0:00:28]} 57. Kc5 {[%emt 0:00:29]} Rc1 {[%emt 0:00:18]} 58. h7 {[%emt 0:00:39]} Rxc4+ {[%emt 0:00:19]} 59. Kb5 {[%emt 0:00:05]} 1-0

[Event "2nd Irena Warakomska Memorial-A"]
[Site "Suwalki"]
[Date "2018.08.02"]
[Round "2"]
[White "Nasuta, Grzegorz"]
[Black "Jaroch, Karol"]
[Result "1-0"]
[WhiteElo "2497"]
[BlackElo "2222"]
[Annotator "TA"]
[PlyCount "87"]
[EventDate "2018.08.01"]
[EventType "swiss"]
[EventCountry "POL"]
[SourceTitle "playchess.com"]
[Source "ChessBase"]
[SourceQuality "1"]

{[%evp 12,87,7,0,12,20,17,26,11,9,48,36,52,34,73,75,102,97,119,96,102,47,45,42,42,42,51,42,65,47,47,39,42,48,50,7,7,7,17,17,17,12,13,9,22,0,0,0,4,10,17,3,26,3,8,16,29,22,48,30,73,70,73,73,74,71,100,74,498,369,362,341,2125,1994,29983,29984,29976,5900]} 1. e4 e6 2. d4 d5 3. Bd3 dxe4 4. Bxe4 Nf6 5. Bf3 c5 6. Ne2 Nc6 {C01: French: Exchange Variation} 7. Be3 {LiveBook: 188 Games} Qa5+ (7... Nd5 8. Bxd5 Qxd5 9. Nbc3 Qxg2 10. Rg1 Qf3 11. Nb5 Rb8 12. dxc5 Bd7 13. Nc7+ Kd8 14. Nb5 {0-1 (54) Kramnik,V (2808)-Caruana,F (2808) Stavanger 2017}) 8. Qd2 $146 ({Predecessor:} 8. Nbc3 Be7 9. a3 cxd4 10. Nxd4 Bd7 11. Nb3 Qc7 12. Nb5 Qe5 13. Qe2 O-O 14. O-O-O {1-0 (59) Fedorchuk,S (2625)-Dorst,J (2191) Schwaebisch Gmuend 2017}) 8... Qxd2+ {The position is equal.} 9. Nxd2 {[%cal Bb1d2,Bd2c4,Bc4d6][%mdl 32]} Nb4 10. O-O-O Nfd5 11. a3 Nxe3 12. fxe3 Na6 13. Nc4 Rb8 14. Nc3 Nc7 15. Ne4 cxd4 16. exd4 (16. Ncd6+ $16 Bxd6 17. Nxd6+ Ke7 18. Rxd4) 16... Be7 $14 17. Ned6+ Bxd6 $1 18. Nxd6+ Ke7 19. Nc4 Rd8 20. Rhe1 Kf8 21. Na5 Nd5 22. c4 Ne7 $1 23. c5 b6 24. Nc4 Bb7 25. Bxb7 Rxb7 26. Kc2 Rc7 27. b4 b5 28. Na5 a6 29. Re3 Nf5 30. Red3 h5 31. Kc3 Rd5 32. g3 g5 33. Nb3 Ne7 34. Nd2 Kg7 35. Nf1 Rf5 36. Ne3 Nd5+ 37. Nxd5 Rxd5 $16 {[%mdl 4096] Endgame KRR-KRR} 38. Re1 Kf6 39. Rf3+ Rf5 $2 {[%mdl 8192]} (39... Ke7 $16 {is more resistant.}) 40. Rxf5+ $18 Kxf5 {[#]} 41. d5 $1 {[%cal Bd4d5,Bd5d6][%mdl 544]} e5 $2 (41... exd5 42. Kd4 Kg4 43. Kxd5 Rd7+ 44. Kc6 Rd2) 42. Rf1+ Ke4 43. d6 Rd7 44. Rd1 {Precision: White = 66%, Black = 42%.} 1-0

[Event "2nd Irena Warakomska Memorial-A"]
[Site "Suwalki"]
[Date "2018.08.02"]
[Round "2"]
[White "Socko, Monika"]
[Black "Godzwon, Iwo"]
[Result "1/2-1/2"]
[WhiteElo "2466"]
[BlackElo "2222"]
[Annotator "TA"]
[PlyCount "74"]
[EventDate "2018.08.01"]
[EventType "swiss"]
[EventCountry "POL"]
[SourceTitle "playchess.com"]
[Source "ChessBase"]
[SourceQuality "1"]

{[%evp 18,74,34,27,58,57,48,41,54,31,41,45,62,41,74,63,63,87,91,0,46,35,41,35,38,24,29,16,19,3,35,6,50,58,59,18,41,-12,0,0,24,13,21,4,6,6,11,0,0,0,0,-25,0,0,9,-20,0,0,0]} 1. e4 c5 2. Nf3 d6 3. d4 cxd4 4. Nxd4 Nf6 5. Nc3 g6 6. Be3 Bg7 7. f3 Nc6 8. Qd2 O-O 9. O-O-O d5 10. Kb1 {LiveBook: 337 Games} Qd7 {B76: Sicilian Dragon: Yugoslav Attack, 9 g4 and 9 0-0-0} (10... Rb8 11. Ndb5 a6 12. Na7 e6 13. Qf2 Bd7 14. exd5 Nxd5 15. Nxd5 exd5 16. Rxd5 Qf6 17. c3 Be6 18. Nxc6 bxc6 {1-0 (33) Ivanchuk,V (2726)-Mamedov,R (2709) Huaian 2017}) 11. Nxc6 bxc6 12. exd5 Rb8 $146 {White is slightly better.} ({Predecessor:} 12... cxd5 13. Nxd5 Nxd5 14. Qxd5 Qxd5 15. Rxd5 Be6 16. Rd1 h5 17. Be2 Rfb8 18. Bd4 Bxd4 19. Rxd4 {1-0 (43) Borosova,Z (2302)-Bozkurt,H Gaziantep 2012}) 13. b3 cxd5 14. Bd4 Qc6 15. g4 e6 16. h4 ({Much weaker is} 16. Bxa7 $6 Nd7 $11) 16... Rb4 {[#] And now ...Rxd4! would win.} 17. Ne2 a5 18. Qc3 ({Better is} 18. h5 $16) 18... Qxc3 (18... Rxd4 $5 19. Qxd4 (19. Qxc6 Rxd1+ 20. Nc1 d4 $11) (19. Rxd4 Qxc3 20. Nxc3 Nh5 $15) 19... e5 $14) 19. Bxc3 Rb5 {[%cal Bb4b5,Bb5c5,Bc5c6][%mdl 32]} 20. Nf4 Rc5 21. Bd4 Rc6 $1 22. Bb5 Rc7 23. a4 Bd7 24. g5 Nh5 (24... Ne8 {is interesting.} 25. Bxd7 Rxd7 26. Bb6 Be5 27. Ne2 Bc7) 25. Nxh5 gxh5 26. Bxg7 (26. c4 {is more complex.} Rb8 27. Rd2 Bc6 28. Rc1 Ba8 29. f4) 26... Kxg7 27. Be2 (27. Rd4 $14) 27... Rfc8 28. Rd2 Rb8 29. Rd4 $1 Rcb7 30. Rhd1 Rb4 31. Kc1 h6 32. f4 hxg5 33. fxg5 Kg6 34. Bd3+ Kg7 35. Be2 {The position is equal.} Kg6 36. Bd3+ Kg7 37. Be2 Kg6 {Precision: White = 51%, Black = 38%.} 1/2-1/2

[Event "2nd Irena Warakomska Memorial-A"]
[Site "Suwalki"]
[Date "2018.08.02"]
[Round "2"]
[White "Caspi, Israel"]
[Black "Ulanowski, Karol"]
[Result "1-0"]
[WhiteElo "2454"]
[BlackElo "2149"]
[Annotator "TA"]
[PlyCount "83"]
[EventDate "2018.08.01"]
[EventType "swiss"]
[EventCountry "POL"]
[SourceTitle "playchess.com"]
[Source "ChessBase"]
[SourceQuality "1"]

{[%evp 31,83,15,80,68,105,134,135,138,172,161,175,181,272,315,428,429,454,473,442,407,395,392,388,374,326,306,551,543,670,668,645,646,746,595,593,592,573,554,661,656,640,589,681,685,658,498,559,531,821,790,907,895,896,887]} 1. e4 c5 2. Nf3 d6 3. d4 cxd4 4. Nxd4 Nf6 5. Nc3 a6 6. f3 e6 7. Be3 b5 {[%cal Bb7b5,Bb5b4][%mdl 32]} 8. Qd2 Nbd7 9. g4 h6 10. O-O-O Bb7 11. h4 b4 12. Na4 Qa5 13. b3 Nc5 14. a3 {B80: Sicilian Scheveningen: 6 g3 and 6 Be3, including English Attack} Nxa4 15. axb4 Qc7 16. bxa4 Nd7 {LiveBook: 40 Games} (16... d5 $11) (16... d5 17. e5 Nd7 18. f4 Nb6 19. Rh3 Rc8 20. Bf2 Nc4 21. Bxc4 Qxc4 22. Rb3 Be7 23. Kb2 Kd7 24. f5 Rc7 25. Be1 a5 26. Qf2 axb4 27. fxe6+ fxe6 28. Nxe6 Qxg4 29. Nxc7 Qxd1 30. Bxb4 Qh5 31. e6+ Kxc7 32. Qf4+ Kc6 33. Bxe7 {1-0 (33) Grischuk,A (2761)-Wang,T (2401) China 2017}) 17. c4 $16 Ne5 18. Kb2 Rb8 {[#]} 19. Rc1 $1 {[#]} Ba8 $146 ({Predecessor:} 19... Qd7 20. b5 Be7 21. Be2 Qd8 {1-0 (50) Dochev,D (2396)-Kempinski,R (2630) Porto Rio 2015}) 20. Be2 d5 21. c5 g6 (21... Be7 $142) 22. Bxa6 $18 Bg7 23. Ka3 dxe4 24. Nb5 Qc6 {and if ...0-0 works, Black does fine.} 25. Qd6 Qxd6 26. Nxd6+ ({Not} 26. cxd6 O-O $16) 26... Ke7 27. fxe4 Nxg4 28. Bf4 e5 $2 (28... Be5) 29. Bd2 {White is clearly winning.} f5 30. Rhg1 Rhf8 31. exf5 gxf5 32. Nxf5+ Rxf5 33. Rxg4 Rf3+ 34. Rc3 Bf6 35. Rxf3 Bxf3 36. Rg3 Bd5 37. Bxh6 Bxh4 38. Rh3 Be1 39. b5 Ke6 40. c6 {[%cal Bc5c6,Bc6c7][%mdl 32]} Ba5 {[#]} 41. Bd2 $1 {[%mdl 512]} Bxd2 42. c7 {Precision: White = 96%, Black = 17%.} 1-0

[Event "2nd Irena Warakomska Memorial-A"]
[Site "Suwalki"]
[Date "2018.08.02"]
[Round "2"]
[White "Matviishen, Viktor"]
[Black "Socko, Bartosz"]
[Result "1/2-1/2"]
[WhiteElo "2437"]
[BlackElo "2611"]
[Annotator "TA"]
[PlyCount "65"]
[EventDate "2018.08.01"]
[EventType "swiss"]
[EventCountry "POL"]
[SourceTitle "playchess.com"]
[Source "ChessBase"]
[SourceQuality "1"]

{[%evp 19,65,8,0,-9,-9,0,0,0,0,-13,10,-19,0,0,0,0,0,0,0,0,0,0,0,0,0,0,0,0,0,0,0,0,0,0,0,-51,-49,-49,-12,-15,-13,-21,-13,-15,0,0,0,0]} 1. d4 Nf6 2. c4 g6 3. Nc3 d5 4. cxd5 Nxd5 5. Bd2 Bg7 6. e4 Nb6 7. Be3 O-O 8. Be2 Nc6 9. Nf3 Bg4 {D85: Grünfeldindisch (Abtauschvariante, 7.Sf3 bzw nicht 7.Lc4)} 10. e5 (10. d5 Bxf3 11. gxf3 Ne5 12. Qb3 c6 13. f4 Ned7 14. O-O-O Bxc3 15. dxc6 Bxb2+ 16. Kxb2 bxc6 17. Ka1 Rb8 18. Qa3 e6 19. Bd4 Qh4 20. Qg3 Qe7 21. h4 c5 {0-1 (53) Andreikin,D (2712)-Korobov,A (2652) Huaian 2017}) 10... Qd7 {LiveBook: 4 Partien} 11. Qd2 $146 ({Vorgänger:} 11. h3 Bxf3 12. Bxf3 Rad8 13. Ne2 Nb4 14. O-O N4d5 15. Qb3 c6 16. a4 a5 17. Bd2 {1-0 (41) Brown,M (2489)-Yip,C (2261) Philadelphia 2017}) 11... Rad8 {zielt auf ...Lxf3 ab.} 12. Rd1 $1 f6 {[%cal Rf6e5]} 13. exf6 exf6 14. O-O Rfe8 15. Rfe1 Kh8 16. h3 Bxf3 17. Bxf3 Nc4 18. Qe2 Nxe3 19. fxe3 Bh6 20. Qf2 f5 21. Kh1 Bg7 22. a3 b6 23. Nd5 Ne7 24. Nf4 c6 {[%cal Bc7c6,Bc6d5][%mdl 32]} 25. Rc1 Qd6 26. b4 Nd5 27. Nxd5 (27. Bxd5 $11 cxd5 28. Rc3) 27... cxd5 $15 28. Rc3 f4 29. exf4 {Die Stellung ist ausgeglichen.} Qxf4 30. Rxe8+ Rxe8 31. g3 Qf5 32. Kg2 h5 33. Qc2 {Precision: Weiß = 67%, Schwarz = 71%.} 1/2-1/2

[Event "2nd Irena Warakomska Memorial-A"]
[Site "Suwalki"]
[Date "2018.08.02"]
[Round "2"]
[White "Omelja, Artem"]
[Black "Ovsejevitsch, Sergei"]
[Result "1/2-1/2"]
[WhiteElo "2431"]
[BlackElo "2597"]
[Annotator "TA"]
[PlyCount "68"]
[EventDate "2018.08.01"]
[EventType "swiss"]
[EventCountry "POL"]
[SourceTitle "playchess.com"]
[Source "ChessBase"]
[SourceQuality "1"]

{[%evp 9,68,11,26,18,19,28,51,48,58,49,58,56,51,37,47,41,58,18,41,34,25,-53,-77,-71,-63,-53,-50,-66,-63,-71,0,-41,-48,-40,-28,-59,-50,-77,-83,-81,0,0,0,0,0,0,0,0,0,0,0,0,0,0,0,0,0,-88,-84,-92,-26]} 1. Nf3 d5 2. c4 d4 3. b4 g6 4. d3 Bg7 5. g3 c6 (5... e5 6. Bg2 Ne7 7. O-O O-O 8. a4 a5 9. b5 c5 10. Ra2 Nf5 11. e3 dxe3 12. fxe3 Be6 13. Nc3 Nd6 14. e4 h6 15. Be3 Nd7 {1-0 (48) Duda,J (2724)-Kuzubov,Y (2663) Brest 2018}) 6. Bg2 {A09: Réti Opening: 1 Nf3 d5 2 c4} a5 $146 ({Predecessor:} 6... Nh6 7. O-O O-O 8. Bb2 a5 9. a3 e5 10. Nbd2 Qe7 11. Re1 Nf5 12. Ne4 Rd8 13. Nfd2 h5 14. bxa5 Rxa5 15. Nb3 Ra7 {1-0 (59) Stark,L (2366)-Burmakin,V (2519) Bad Woerishofen 2006}) 7. b5 cxb5 8. cxb5 {White is slightly better.} Nh6 {[%cal Bg8h6,Bh6f5,Bf5e3][%mdl 32]} 9. O-O O-O 10. Na3 Be6 11. Nc4 Bd5 12. a4 Nf5 13. Ba3 Nd7 14. Rc1 Re8 15. e4 (15. g4 $11 Nd6 16. e3 (16. Nxd6 exd6 17. Bxd6 Bh6 $14)) 15... dxe3 $1 $15 16. Nxe3 Nxe3 17. fxe3 Qb6 18. d4 Bh6 19. Re1 Nf6 (19... Qe6 $17) 20. Ne5 Bxg2 21. Kxg2 Qe6 22. Qd3 Nd5 23. Rc5 Rac8 24. e4 {[#]} Nb4 ({Black should play} 24... Nb6 $1 $17) 25. Bxb4 $1 $11 axb4 26. Nc4 Red8 {And now ...Rxc5 would win.} 27. Rxc8 Qxc8 28. Rb1 Bg7 29. Rxb4 Rxd4 30. Nb6 $1 Qc5 $36 {[%mdl 2048] White is under pressure.} 31. Rxd4 Bxd4 32. Nc4 e5 33. Nd2 (33. Qb3 $1 $11 {keeps the balance.}) 33... Qb4 $17 34. Qc2 Kg7 {Precision: White = 51%, Black = 77%.} ({Better is} 34... h5 $17) 1/2-1/2

[Event "2nd Irena Warakomska Memorial-A"]
[Site "Suwalki"]
[Date "2018.08.02"]
[Round "2"]
[White "Cukrowski, Filip"]
[Black "Sadzikowski, Daniel"]
[Result "1/2-1/2"]
[WhiteElo "2404"]
[BlackElo "2575"]
[Annotator "ChessBase"]
[PlyCount "27"]
[EventDate "2018.08.01"]
[EventType "swiss"]
[EventCountry "POL"]
[SourceTitle "playchess.com"]
[Source "ChessBase"]
[SourceQuality "1"]
[TimeControl "40/5400+30:1800+30"]

1. c4 {[%emt 0:12:38]} e6 {[%emt 0:00:52]} 2. g3 {[%emt 0:03:01]} d5 {[%emt 0:00:09]} 3. Bg2 {[%emt 0:04:23]} Nf6 {[%emt 0:00:39]} 4. Nf3 {[%emt 0:03:43]} Be7 {[%emt 0:05:51]} 5. O-O {[%emt 0:00:43]} O-O {[%emt 0:00:05]} 6. d4 {[%emt 0:02:42]} Nbd7 {[%emt 0:01:49]} 7. Nc3 {[%emt 0:03:35]} dxc4 {[%emt 0:00:15]} 8. e4 {[%emt 0:09:54]} b5 {[%emt 0:02:27]} 9. Nxb5 {[%emt 0:06:46]} Bb7 {[%emt 0:12:36]} 10. Bf4 {[%emt 0:11:45]} Bxe4 {[%emt 0:21:26]} 11. Bxc7 {[%emt 0:00:12]} Qc8 {[%emt 0:00:02]} 12. Bd6 {[%emt 0:00:26]} Qd8 {[%emt 0:00:02]} 13. Bc7 {[%emt 0:04:07]} Qc8 14. Ba5 1/2-1/2

[Event "2nd Irena Warakomska Memorial-A"]
[Site "Suwalki"]
[Date "2018.08.02"]
[Round "2"]
[White "Tihonov, Jurij"]
[Black "Buraczewski, Rafal"]
[Result "1-0"]
[WhiteElo "2385"]
[BlackElo "2221"]
[Annotator "TA"]
[PlyCount "71"]
[EventDate "2018.08.01"]
[EventType "swiss"]
[EventCountry "POL"]
[SourceTitle "playchess.com"]
[Source "ChessBase"]
[SourceQuality "1"]

{[%evp 18,71,59,31,97,52,57,53,56,49,69,59,64,49,58,57,85,86,87,87,87,72,80,75,60,50,73,64,71,70,64,75,98,74,119,129,300,308,546,535,1697,1679,1636,1660,1650,1634,1628,1628,1463,1463,1438,1272,29989,29990,29990,29991]} 1. d4 Nf6 2. c4 c5 3. d5 b5 4. cxb5 a6 5. b6 Qxb6 6. Nc3 d6 7. Nf3 g6 8. e4 Bg7 9. Be2 O-O 10. Nd2 {LiveBook: 179 Games} Nfd7 {A57: Benko/Volga Gambit} (10... Nbd7 $14) 11. O-O Qc7 12. a4 a5 $146 {White is slightly better.} ({Predecessor:} 12... Bb7 13. Nc4 Nb6 14. a5 Nxc4 15. Bxc4 Re8 16. Bf4 Nd7 {½-½ (55) Sales,J (2334)-Yermolinsky,A (2601) Philadelphia 2000}) 13. Nb5 Qb7 14. Nc4 Nb6 15. Bd2 Nxc4 16. Bxc4 Bd7 17. Bc3 Bxb5 18. Bxb5 Qc7 19. Qd2 Nd7 20. Ra3 Bxc3 21. Rxc3 Nf6 22. Re1 Kg7 23. Bc4 Rab8 24. f4 {[%cal Bf2f4,Bf4f5][%mdl 32]} Rb4 25. b3 Nd7 26. Rh3 $1 f6 $2 {[#]} (26... h6 $16) 27. e5 $1 $18 {[%cal Re5d6][%mdl 512] Hoping for exd6.} Nb6 $2 {[#]} (27... Qd8 28. exd6 exd6) (27... dxe5 28. fxe5) 28. f5 $1 {[%mdl 512]} g5 (28... gxf5 29. Qh6+) 29. Qe2 {Intending Qh5 and mate.} Rh8 30. Qh5 {e6 would kill now.} fxe5 31. Qxg5+ Kf7 {[#]} 32. Rxh7+ $3 {[%mdl 512]} Rxh7 33. Qg6+ Kf8 34. Qxh7 {White threatens f6! and mate.} Qc8 35. Qh8+ Kf7 36. Qh5+ {Precision: White = 81%, Black = 30%.} 1-0